000 00527nam a2200193Ia 4500
005 20250425162306.0
008 250425s9999 xx 000 0 und d
041 _aspa
082 _a623.888
110 _aORGANIZACION MARITIMA INTERNACIONAL (OMI)
245 0 _aCONFERENCIA INTERNACIONAL SOBRE SEGURIDAD DE LOS BUQUES TANQUE Y PREVENCION DE LA CONTAMINACION 1978
250 _a1A ED.
260 _aEcuador
_bDIGEIM
_c1978
260 _aS.L.
300 _a101
650 _aSEGURIDAD
942 _c01
010 _a59882
999 _c226194
_d226194